| 000 | 01098nam0a22003011 4500 | ||
|---|---|---|---|
| 001 | RU\NLR\A1SV\9422 | ||
| 005 | 20251203171251.9 | ||
| 035 | _a(NLR Aleph) 009694918 | ||
| 090 |
_a9754004 _c9754004 |
||
| 100 | _a19981216d1926 u y0rusy50 ca | ||
| 101 | 0 | _arus | |
| 102 | _aRU | ||
| 200 | 1 |
_aПослание Абдаллüха Ансüри визирю _fЕ.Э.Бертельса _g(Представлено акад. С.Ф.Ольденбургом в заседании Отд. ист. наук и филологии 5 мая 1926 г.) |
|
| 210 |
_a[М. _d1926] |
||
| 215 |
_aС.1139-1150 _d26 см |
||
| 311 | _aОтт. из: Изв. АН СССР. 1926 | ||
| 620 | _dМосква | ||
| 700 | 1 |
_aБертельс _bЕ. Э. _f1890-1957 _gЕвгений Эдуардович |
|
| 702 | 1 |
_aОльденбург _bС. Ф. _f1863-1934 _gСергей Федорович _3RU\NLR\AUTH\7773079 _4070 |
|
| 801 | 0 |
_aRU _bNLR _c19981216 |
|
| 852 |
_aNLR _j96/474 |
||
| 852 |
_aNLR _jКр I-5987 |
||
| 899 | _aРГБ | ||
| 899 | _aНБ Эрм. | ||
| 942 | _cBOOK | ||
| 980 | _aNB | ||
| 980 | _aA1SV | ||